<?xml version="1.0" encoding="UTF-8"?>
<collection xmlns="http://www.loc.gov/MARC21/slim">
<record>
  <controlfield tag="001">121307</controlfield>
  <controlfield tag="005">20230126110105.0</controlfield>
  <datafield tag="024" ind1="7" ind2=" ">
    <subfield code="2">doi</subfield>
    <subfield code="a">10.5007/1981-1322.2019.e62692</subfield>
  </datafield>
  <datafield tag="024" ind1="8" ind2=" ">
    <subfield code="2">sideral</subfield>
    <subfield code="a">131616</subfield>
  </datafield>
  <datafield tag="037" ind1=" " ind2=" ">
    <subfield code="a">ART-2019-131616</subfield>
  </datafield>
  <datafield tag="041" ind1=" " ind2=" ">
    <subfield code="a">spa</subfield>
  </datafield>
  <datafield tag="100" ind1=" " ind2=" ">
    <subfield code="a">Díaz-Levicoy, Danilo</subfield>
  </datafield>
  <datafield tag="245" ind1=" " ind2=" ">
    <subfield code="a">Lectura del diagrama de tallo y hojas por estudiantes chilenos de Educación Primaria</subfield>
  </datafield>
  <datafield tag="260" ind1=" " ind2=" ">
    <subfield code="c">2019</subfield>
  </datafield>
  <datafield tag="520" ind1="3" ind2=" ">
    <subfield code="a">El objetivo de este trabajo es describir las dificultades de los estudiantes chilenos de 6º y 7º curso de Educación Primaria (12-13 años) en la lectura del diagrama de tallo y hojas, y los niveles de lectura que logran. Para alcanzar este objetivo, se plantea a una muestra de 745 estudiantes de estos dos cursos y de diferentes ciudades chilenas una tarea abierta con dos preguntas basadas en la lectura de dicho diagrama. En la primera de ellas, se pide hallar el valor más frecuente y en la segunda calcular la frecuencia en un intervalo de valores. El análisis cualitativo de contenido de las respuestas permite categorizar las dificultades de lectura del diagrama y de comprensión de otros conceptos matemáticos. Los resultados muestran que un porcentaje bajo de estudiantes logran responder correctamente las preguntas planteadas. Entre los errores de lectura del gráfico destacan el no considerar las hojas o interpretarlas como cifras decimales de un número o como cifras de un valor entero. Se observan también confusión entre frecuencia y valor de la variable, máximo y moda e interpretación incorrecta de desigualdades. Por otro lado, solo una tercera parte de los estudiantes alcanza el nivel de lectura máximo permitido en la tarea. Estos resultados evidencian la dificultad para leer esta representación por parte los estudiantes de la muestra, no observándose diferencias significativas entre los dos cursos considerados.</subfield>
  </datafield>
  <datafield tag="506" ind1="0" ind2=" ">
    <subfield code="a">Access copy available to the general public</subfield>
    <subfield code="f">Unrestricted</subfield>
  </datafield>
  <datafield tag="536" ind1=" " ind2=" ">
    <subfield code="9">info:eu-repo/grantAgreement/ES/FEDER/EDU2016-74848-P</subfield>
  </datafield>
  <datafield tag="540" ind1=" " ind2=" ">
    <subfield code="9">info:eu-repo/semantics/openAccess</subfield>
    <subfield code="a">by</subfield>
    <subfield code="u">http://creativecommons.org/licenses/by/3.0/es/</subfield>
  </datafield>
  <datafield tag="655" ind1=" " ind2="4">
    <subfield code="a">info:eu-repo/semantics/article</subfield>
    <subfield code="v">info:eu-repo/semantics/publishedVersion</subfield>
  </datafield>
  <datafield tag="700" ind1=" " ind2=" ">
    <subfield code="a">Batanero, Carmen</subfield>
  </datafield>
  <datafield tag="700" ind1=" " ind2=" ">
    <subfield code="a">Arteaga, Pedro</subfield>
  </datafield>
  <datafield tag="700" ind1=" " ind2=" ">
    <subfield code="a">Begué, Nuria</subfield>
    <subfield code="u">Universidad de Zaragoza</subfield>
    <subfield code="0">(orcid)0000-0003-1369-8711</subfield>
  </datafield>
  <datafield tag="710" ind1="2" ind2=" ">
    <subfield code="1">2006</subfield>
    <subfield code="2">200</subfield>
    <subfield code="a">Universidad de Zaragoza</subfield>
    <subfield code="b">Dpto. Matemáticas</subfield>
    <subfield code="c">Área Didáctica Matemática</subfield>
  </datafield>
  <datafield tag="773" ind1=" " ind2=" ">
    <subfield code="g">14 (2019), [20 pp.]</subfield>
    <subfield code="p">Revemat</subfield>
    <subfield code="t">Revemat</subfield>
    <subfield code="x">1981-1322</subfield>
  </datafield>
  <datafield tag="856" ind1="4" ind2=" ">
    <subfield code="s">505967</subfield>
    <subfield code="u">http://zaguan.unizar.es/record/121307/files/texto_completo.pdf</subfield>
    <subfield code="y">Versión publicada</subfield>
  </datafield>
  <datafield tag="856" ind1="4" ind2=" ">
    <subfield code="s">2003080</subfield>
    <subfield code="u">http://zaguan.unizar.es/record/121307/files/texto_completo.jpg?subformat=icon</subfield>
    <subfield code="x">icon</subfield>
    <subfield code="y">Versión publicada</subfield>
  </datafield>
  <datafield tag="909" ind1="C" ind2="O">
    <subfield code="o">oai:zaguan.unizar.es:121307</subfield>
    <subfield code="p">articulos</subfield>
    <subfield code="p">driver</subfield>
  </datafield>
  <datafield tag="951" ind1=" " ind2=" ">
    <subfield code="a">2023-01-26-09:27:46</subfield>
  </datafield>
  <datafield tag="980" ind1=" " ind2=" ">
    <subfield code="a">ARTICLE</subfield>
  </datafield>
</record>
</collection>